How to use New Testament Greek study aids (Record no. 331)

000 -LEADER
fixed length control field 00675nam a2200217 a 4500
001 - CONTROL NUMBER
control field :::00013484$&:&@@
003 - CONTROL NUMBER IDENTIFIER
control field OkBaRHE
005 - DATE AND TIME OF LATEST TRANSACTION
control field 20100323204020.0
008 - FIXED-LENGTH DATA ELEMENTS--GENERAL INFORMATION
fixed length control field s1983 j 000 0 eng u
020 ## - INTERNATIONAL STANDARD BOOK NUMBER
International Standard Book Number 0872130797 (pbk.)
040 ## - CATALOGING SOURCE
Transcribing agency
100 1# - MAIN ENTRY--PERSONAL NAME
Personal name Clark, Walter Jerry, 1952-
245 10 - TITLE STATEMENT
Title How to use New Testament Greek study aids
Statement of responsibility, etc Walter Jerry Clark.
250 ## - EDITION STATEMENT
Edition statement 1st ed.
260 ## - PUBLICATION, DISTRIBUTION, ETC. (IMPRINT)
Place of publication, distribution, etc Neptune, N.J.
Name of publisher, distributor, etc Loizeaux Bros.
Date of publication, distribution, etc 1983
300 ## - PHYSICAL DESCRIPTION
Extent 256 p. ;
Dimensions 21 cm.
650 ## - SUBJECT ADDED ENTRY--TOPICAL TERM
Topical term or geographic name as entry element Bible. N.T. Study.
650 ## - SUBJECT ADDED ENTRY--TOPICAL TERM
Topical term or geographic name as entry element Greek language, Biblical.
942 ## - ADDED ENTRY ELEMENTS (KOHA)
Source of classification or shelving scheme
Koha item type Books
Copies
Permanent Location Shelving location Full call number Date last seen Price effective from Damaged status Withdrawn status Lost status Copy number Koha item type Source of classification or shelving scheme Not for loan Barcode Date acquired Collection code
RHEMA Bible Training CollegeGeneral StacksBS 2530 .C552018-03-162010-04-14   1Books  134842010-04-14Reference